[Event "GER-chT U12"]
[Site "Verden"]
[Date "2004.12.28"]
[Round "4.3"]
[White "Hamm, Lukas"]
[Black "Nagel, Marc"]
[Result "1-0"]
[WhiteElo "864"]
[BlackElo "918"]
[PlyCount "45"]
[EventDate "2004.12.27"]
[EventType "team-swiss"]
[EventRounds "7"]
[EventCountry "GER"]
[SourceTitle "EXT 2006"]
[Source "ChessBase"]
[SourceDate "2005.11.24"]
[SourceVersion "1"]
[SourceVersionDate "2005.11.24"]
[SourceQuality "1"]

1. e4 e5 2. Nf3 Nc6 3. Bc4 Bc5 4. d3 Nf6 5. Nc3 d6 6. h3 Be6 7. Bg5 h6 8. Be3 Bxc4 9. dxc4 Bxe3 10. fxe3 0-0 11. Qd2 Na5 12. Qd3 b6 13. 0-0-0 Nb7 14. Nd5 Nc5 15. Nxf6+ Qxf6 16. Qd5 Qg6 17. Nh4 Qg5 18. Nf5 g6 19. h4 Qxg2 20. Rhg1 Qxe4 21. Rxg6+ Kh7 22. Rxh6+ Kg8 23. Rg1+ 1-0